000
00279nam a2200097Ia 4500
082
_a
649.6|NESE
245
0
_a
Sleep guide for babies and toddlers
100
_a
Neser, Erica South Africa, Pretoria, 2006
_9
46192
942
_c
BK
008
210817s9999 xx 000 0 und d
999
_c
152158
_d
152156